000
00359nam a2200133Ia 4500
008
151001s9999||||xx |||||||||||||| ||und||
100
_a
शर्मा कुमार पाटील
245
_a
गुस्से को जितीए
250
_a
1
260
_b
शिलालेख
260
_c
2004
300
_a
119
365
_b
21
999
_c
985864
_d
985861